000 00544nam a22001937a 4500
003 OSt
005 20140310182015.0
008 121122t xxu||||| |||| 00| 0 eng d
020 _a3350010205
050 _aPZ 8
_b.G864 1938
082 _aGS 398.21
_bD63 1984
100 _aGrimm,Brother
_96423
245 _aSnow white and the seven dwarfs /
_cBrother Grimm.
260 _aNew York :
_bA Golden Book,
_cc1984.
300 _a15 p. :
_bcol. ill. ;
_c31 cm.
650 _aChildren's Stories
_93210
942 _2lcc
_cBK-GS
_eGS
999 _c8211
_d8211